Fr. Conceicao Rodrigues College of Engineering

Constitution of India, professional ethics and human rights (Record no. 36097)

MARC details
000 -LEADER
fixed length control field 00418nam a22001577a 4500
003 - CONTROL NUMBER IDENTIFIER
control field OSt
005 - DATE AND TIME OF LATEST TRANSACTION
control field 20241024120612.0
007 - PHYSICAL DESCRIPTION FIXED FIELD--GENERAL INFORMATION
fixed length control field 304 pages
008 - FIXED-LENGTH DATA ELEMENTS--GENERAL INFORMATION
fixed length control field 241024b |||||||| |||| 00| 0 eng d
020 ## - INTERNATIONAL STANDARD BOOK NUMBER
International Standard Book Number 9789386668479
040 ## - CATALOGING SOURCE
Transcribing agency
082 ## - DEWEY DECIMAL CLASSIFICATION NUMBER
Classification number 342.5402
Item number SIN
245 ## - TITLE STATEMENT
Title Constitution of India, professional ethics and human rights
Statement of responsibility, etc. Singla, Shubham
260 ## - PUBLICATION, DISTRIBUTION, ETC.
Name of publisher, distributor, etc. Cengage
Date of publication, distribution, etc. 2019
942 ## - ADDED ENTRY ELEMENTS (KOHA)
Source of classification or shelving scheme Dewey Decimal Classification
Koha item type BOOK
Call number prefix 342.5402
Call number suffix SIN
Suppress in OPAC No
Holdings
Withdrawn status Lost status Source of classification or shelving scheme Damaged status Not for loan Collection Home library Current library Date acquired Cost, normal purchase price Inventory number Total Checkouts Full call number Barcode Date last seen Price effective from Koha item type Total Renewals Date last checked out
    Dewey Decimal Classification     General Fr. Agnel's C.Rodrigues College of Engineering AGNEL TECHNICAL COLLEGE LIBRARY 24/10/2024 350.00 AO/24/10/575 dt 22.10.2024 2 342.5402/SIN 26504 12/09/2025 24/10/2024 BOOK 1 21/08/2025
    Dewey Decimal Classification     General Fr. Agnel's C.Rodrigues College of Engineering Fr. Agnel's C.Rodrigues College of Engineering 24/10/2024 350.00 AO/24/10/575 dt 22.10.2024   342.5402/SIN 26503 24/10/2024 24/10/2024 BOOK    
    Dewey Decimal Classification     General Fr. Agnel's C.Rodrigues College of Engineering Fr. Agnel's C.Rodrigues College of Engineering 24/10/2024 350.00 AO/24/10/575 dt 22.10.2024 1 342.5402/SIN 26505 23/12/2024 24/10/2024 BOOK 1 25/10/2024